Nghiên cứu tư liệu lý luận văn hóa dân gian Việt Nam Quyển 2
Spremljeno u:
| Glavni autor: | |
|---|---|
| Format: | Knjiga |
| Jezik: | Vietnamese |
| Izdano: |
Hà Nội
Văn hóa thông tin
2014
|
| Teme: | |
| Oznake: |
Dodaj oznaku
Bez oznaka, Budi prvi tko označuje ovaj zapis!
|
| Thư viện lưu trữ: | Trung tâm Học liệu Lê Vũ Hùng, Trường Đại học Đồng Tháp |
|---|
| LEADER | 00947aam a22003138a 4500 | ||
|---|---|---|---|
| 001 | 00032591 | ||
| 005 | 20171026081023.0 | ||
| 008 | 141013s2014 ||||||viesd | ||
| 020 | # | # | |a 9786045014967 |
| 041 | 0 | # | |a vie |
| 082 | 1 | 4 | |a 398.095 97 |b NGH305C |
| 100 | 1 | # | |a Trần, Gia Linh |
| 245 | 0 | 0 | |n Quyển 2 |a Nghiên cứu tư liệu lý luận văn hóa dân gian Việt Nam |c Trần Gia Linh |
| 260 | # | # | |b Văn hóa thông tin |c 2014 |a Hà Nội |
| 300 | # | # | |a 782 tr. |c 21cm. |
| 500 | # | # | |a ĐTTS ghi: Hội văn nghệ dân gian Việt Nam |
| 653 | # | # | |a Nghiên cứu |
| 653 | # | # | |a Văn hóa dân gian |
| 653 | # | # | |a Việt Nam |
| 653 | # | # | |a Tư liệu |
| 852 | # | # | |j KD.0016136 |
| 852 | # | # | |b Kho đọc |j KD.0016136 |
| 910 | |d 13/10/2014 | ||
| 980 | # | # | |a Trung tâm Học liệu Lê Vũ Hùng, Trường Đại học Đồng Tháp |


